=LDR 00000nam 2200000 4500 =001 INLIS000000000044379 =005 20210706023714 =035 ##$$a 0010-101300000002301 =008 210706################g##########0#ind## =041 ##$$a Ind =082 ##$$a 342.02 =090 ##$$a 342.02, Har t =100 ##$$a Harjono =245 1#$$a Transformasi demokrasi, Harjono /$c Harjono =260 ##$$a 2009 :$b Jakarta =300 ##$$a xii, 280 hlm ; $c 22 x 14 cm =650 #4$$a Undang-undang Dasar - Demokrasi =850 ##$$a NBPNMAT =020 ##$$a 978-602-8308-23-6 =084 ##$$a 342.02 HAR t =250 ##$$a cet.1 =990 ##$$a 21400613/BPAP-NTB/20142014 =990 ##$$a 31011629